|
|
|
|
| LEADER |
01636cam a2200421Ki 4500 |
| 001 |
ocn906032488 |
| 003 |
OCoLC |
| 005 |
20180501122025.0 |
| 006 |
m o d |
| 007 |
cr cnu---unuuu |
| 008 |
150402s2015 mauad o 001 0 eng d |
| 040 |
|
|
|a OPELS
|b eng
|e rda
|e pn
|c OPELS
|d YDXCP
|d OCLCF
|d UAB
|d MEU
|d GrThAP
|
| 020 |
|
|
|a 9780128028285
|
| 020 |
|
|
|a 0128028289
|
| 035 |
|
|
|a (OCoLC)906032488
|
| 050 |
|
4 |
|a RS201.N35
|b .P768 2015eb
|
| 082 |
0 |
4 |
|a 615.1/9
|2 23
|
| 049 |
|
|
|a TEFA
|
| 245 |
0 |
0 |
|a Protein and Peptide Nanoparticles for Drug Delivery /
|c edited by Rossen Donev.
|
| 264 |
|
1 |
|a Waltham, MA :
|b Academic Press,
|c 2015.
|
| 300 |
|
|
|a 1 online resource (386 pages) :
|b illustrations, tables.
|
| 336 |
|
|
|a text
|b txt
|2 rdacontent
|
| 337 |
|
|
|a computer
|b c
|2 rdamedia
|
| 338 |
|
|
|a online resource
|b cr
|2 rdacarrier
|
| 490 |
1 |
|
|a Advances in protein chemistry and structural biology ;
|v volume 98
|
| 546 |
|
|
|a Text in English.
|
| 500 |
|
|
|a Includes indexes.
|
| 588 |
0 |
|
|a Online resource; title from title details screen (ScienceDirect, viewed April 2, 2015).
|
| 650 |
|
0 |
|a Nanoparticles.
|
| 650 |
|
0 |
|a Peptide drugs
|x Dosage forms.
|
| 650 |
|
0 |
|a Protein drugs
|x Dosage forms.
|
| 650 |
|
7 |
|a Nanoparticles.
|2 fast
|0 (OCoLC)fst01032624
|
| 650 |
|
7 |
|a Peptide drugs
|x Dosage forms.
|2 fast
|0 (OCoLC)fst01057557
|
| 650 |
|
7 |
|a Protein drugs
|x Dosage forms.
|2 fast
|0 (OCoLC)fst01079681
|
| 655 |
|
4 |
|a Electronic books.
|
| 700 |
1 |
|
|a Donev, Rossen,
|e editor.
|
| 830 |
|
0 |
|a Advances in protein chemistry and structural biology ;
|v v. 98.
|
| 856 |
4 |
0 |
|u https://www.sciencedirect.com/science/bookseries/18761623/98
|z Full Text via HEAL-Link
|